000 00223 a2200097 4500
001 30607
100 _aPalardy
245 _aTeaching Today : Tasks & Challenges
260 _aNY
_bMacmillan Pub Co
_c
090 _c20547
_d20547
942 _aNUST-CAE
_cM
_c11722
999 _c265680
_d265680